Seize the Story : (Record no. 110303)

MARC details
000 -LEADER
fixed length control field 00874nam a2200241 i 4500
001 - CONTROL NUMBER
control field C2-0307560
003 - CONTROL NUMBER IDENTIFIER
control field PPAK
005 - DATE AND TIME OF LATEST TRANSACTION
control field 20180728094305.0
008 - FIXED-LENGTH DATA ELEMENTS--GENERAL INFORMATION
fixed length control field 110307s2008 xxu |||| ||||| | eng d
020 ## - INTERNATIONAL STANDARD BOOK NUMBER
International Standard Book Number 9781877673818
040 ## - CATALOGING SOURCE
Original cataloging agency PPAK
Language of cataloging eng
Transcribing agency PPAK
Description conventions rda
082 04 - DEWEY DECIMAL CLASSIFICATION NUMBER
Classification number 808
Edition number 23
090 00 - LOCALLY ASSIGNED LC-TYPE CALL NUMBER (OCLC); LOCAL CALL NUMBER (RLIN)
Classification number (OCLC) (R) ; Classification number, CALL (RLIN) (NR) 808
Feature heading HAN
Feature heading LCK
100 1# - MAIN ENTRY--PERSONAL NAME
Personal name Hanley, Victoria.,
Relator term author
245 10 - TITLE STATEMENT
Title Seize the Story :
Remainder of title a handbook for teens who like to write
264 #1 - PRODUCTION, PUBLICATION, DISTRIBUTION, MANUFACTURE, AND COPYRIGHT NOTICE
Place of production, publication, distribution, manufacture United States :
Name of producer, publisher, distributor, manufacturer Cottonwood Press. ,
Date of production, publication, distribution, manufacture, or copyright notice 2008
300 ## - PHYSICAL DESCRIPTION
Extent 213 pages ;
Dimensions 24 cm
336 ## - CONTENT TYPE
Source rdacontent
Content type term text
337 ## - MEDIA TYPE
Source rdamedia
Media type term unmediated
338 ## - CARRIER TYPE
Source rdacarrier
Carrier type term volume
650 10 - SUBJECT ADDED ENTRY--TOPICAL TERM
Topical term or geographic name entry element Child authors Handbooks, manuals, etc. Juvenile literature. Creative writing Handbooks, manuals, etc. Juvenile literature. Authorship Juvenile literature. Authorship Vocational guidance Juvenile literature
942 ## - ADDED ENTRY ELEMENTS (KOHA)
-- dc
Koha item type Book
Holdings
Withdrawn Not for loan Current library Shelving location Date acquired Full call number Barcode Date last seen Koha item type
    Perpustakaan Alor Setar American Corner 08/06/2011 LCK 808 HAN A00863192 09/05/2018 Book